Normal view
MARC view
- التوجيه الفني التربوي-الإدارة التعليمية
Entry Topical Term
001 - CONTROL NUMBER
- control field: 9123
003 - CONTROL NUMBER IDENTIFIER
- control field: JO-AjAnu
005 - DATE AND TIME OF LATEST TRANSACTION
- control field: 20230606071752.0
008 - FIXED-LENGTH DATA ELEMENTS
- fixed length control field: 230606|| aca||aabn | a|a d
040 ## - CATALOGING SOURCE
- Original cataloging agency: JO-AjAnu
- Transcribing agency: JO-AjAnu
150 ## - HEADING--TOPICAL TERM
- Topical term or geographic name entry element: التوجيه الفني التربوي-الإدارة التعليمية
670 ## - SOURCE DATA FOUND
- Source citation: Work cat.: (JO-AjAnu)4705: فهمي،إميل, author 9122, الرقابة على الإدارة التعليمية الواقع والإصلاح